000 00336nam a2200133Ia 4500
005 20251222141805.0
008 251222s9999||||xx |||||||||||||| ||spa||
020 _a970-17-0204-2
082 _a658.15/E49
100 _aEmery, Douglas R.
245 0 _aAdministración Financiera Corporativa
264 _bPearson Educación
942 _cLIB
999 _c6265
_d6265